Lesser Known European Flags - Statistics

General Stats
  • This quiz has been taken 10 times
  • The average score is 8 of 16
Answer Stats
Picture Answer % Correct
Bavaria
100%
Canary Islands
70%
Lombardy
70%
Madeira
70%
Wallonia
70%
Oslo
50%
Tuscany
50%
Zeeland
50%
Antwerp
40%
Bremen
40%
Budapest
30%
Geneva
30%
Moravia
30%
Prague
30%
Corfu
10%
Gozo
10%
No matching quizzes found
Score Distribution
Percent of People with Each Score
Percentile by Number Answered
Your Score History
You have not taken this quiz